Planning For Tall Buildings (Record no. 115103)
[ view plain ]
| 000 -LEADER | |
|---|---|
| fixed length control field | 00763cam a22002175a 4500 |
| 001 - CONTROL NUMBER | |
| control field | L158051 |
| 008 - FIXED-LENGTH DATA ELEMENTS--GENERAL INFORMATION | |
| fixed length control field | 140226s2012 xxk f 000 0 eng d |
| 020 ## - INTERNATIONAL STANDARD BOOK NUMBER | |
| International Standard Book Number | 9780415581080 |
| 035 ## - SYSTEM CONTROL NUMBER | |
| System control number | (Sirsi) u158051 |
| 041 0# - LANGUAGE CODE | |
| Language code of text/sound track or separate title | eng |
| 050 04 - LIBRARY OF CONGRESS CALL NUMBER | |
| Classification number | 711.4094212 SHO |
| 100 1# - MAIN ENTRY--PERSONAL NAME | |
| Personal name | Short, Michael J. |
| 245 00 - TITLE STATEMENT | |
| Title | Planning For Tall Buildings |
| 260 ## - PUBLICATION, DISTRIBUTION, ETC. | |
| Place of publication, distribution, etc. | Oxon |
| Name of publisher, distributor, etc. | Routledge |
| Date of publication, distribution, etc. | 2012 |
| 300 ## - PHYSICAL DESCRIPTION | |
| Extent | xii, 222p, 23cm |
| 520 ## - SUMMARY, ETC. | |
| Summary, etc. | Contributes to the debate about new tall buildings and their role and effect on cities. Focuses in particular on the conservation debates that proposals for new buildings raise. Includes case studies from the UK, Norway, Ireland and Canada. |
| 590 ## - LOCAL NOTE (RLIN) | |
| Local note | KA |
| 651 #4 - SUBJECT ADDED ENTRY--GEOGRAPHIC NAME | |
| Geographic name | International |
| 690 ## - LOCAL SUBJECT ADDED ENTRY--TOPICAL TERM (OCLC, RLIN) | |
| Topical term or geographic name as entry element | Planning and development |
| 9 (RLIN) | 6259 |
| 942 ## - ADDED ENTRY ELEMENTS (KOHA) | |
| Suppress in OPAC | 0 |
| Withdrawn status | Lost status | Source of classification or shelving scheme | Damaged status | Not for loan | Home library | Current library | Shelving location | Date acquired | Total Checkouts | Full call number | Barcode | Date last seen | Copy number | Price effective from | Koha item type |
|---|---|---|---|---|---|---|---|---|---|---|---|---|---|---|---|
| Dewey Decimal Classification | London | London | Books | 26/02/2014 | 711.4094212 | 30075102 | 06/08/2019 | 1 | 06/08/2019 | Book |